Normal view MARC view
  • Theisen, Hilary.

Entry Personal Name

Number of records used in: 3

001 - CONTROL NUMBER

  • control field: 21042

003 - CONTROL NUMBER IDENTIFIER

  • control field: NUST

005 - DATE AND TIME OF LATEST TRANSACTION

  • control field: 20190920175701.0

008 - FIXED-LENGTH DATA ELEMENTS

  • fixed length control field: 190920|| aca||aabn | a|a d

040 ## - CATALOGING SOURCE

  • Original cataloging agency: NUST
  • Transcribing agency: NUST

100 ## - HEADING--PERSONAL NAME

  • Personal name: Theisen, Hilary.

670 ## - SOURCE DATA FOUND

  • Source citation: Work cat.: (NUST)0: Tchobanoglous, George. 4906, Integrated solid waste management :, c1993.
© 2023 Central Library, National University of Sciences and Technology. All Rights Reserved.